[Event "Eschborn op 08th"]
[Site "Eschborn"]
[Date "2011.05.14"]
[Round "2"]
[White "Monninger, Moritz Franz"]
[Black "Gorte, Eduard"]
[Result "1-0"]
[WhiteElo "2093"]
[BlackElo "1669"]
[PlyCount "93"]
[EventDate "2011.05.13"]
[EventType "swiss"]
[EventRounds "5"]
[EventCountry "GER"]
[SourceTitle "EXT 2014"]
[Source "ChessBase"]
[SourceDate "2013.11.20"]
[SourceVersion "1"]
[SourceVersionDate "2013.11.20"]
[SourceQuality "1"]

1. d4 Nf6 2. Bg5 g6 3. Bxf6 exf6 4. c4 Bg7 5. g3 d6 6. Bg2 0-0 7. e3 f5 8. Nc3 Re8 9. Nge2 Nd7 10. 0-0 c6 11. b4 Nb6 12. c5 dxc5 13. bxc5 Nd7 14. Qc2 Nf6 15. Rab1 Qe7 16. a4 Be6 17. a5 Bc4 18. Na2 Bb5 19. Nb4 Qc7 20. Ra1 Rad8 21. Rfe1 Ne4 22. Bxe4 Rxe4 23. Nc3 Ree8 24. Nxb5 cxb5 25. a6 b6 26. Rec1 Bf8 27. cxb6 Qxb6 28. Nd3 Bd6 29. Qc6 Rb8 30. d5 b4 31. Rab1 Rec8 32. Qxc8+ Rxc8 33. Rxc8+ Kg7 34. Rc6 Qb8 35. Rc4 Qb5 36. Rd4 b3 37. Nc1 Qxa6 38. Nxb3 Qa2 39. Rdd1 a5 40. Nd4 a4 41. Nb5 Be7 42. d6 Bd8 43. d7 Qc4 44. Nd6 Qe6 45. Nb7 Qe7 46. Nxd8 Qxd8 47. Rb8 1-0